000 00631nam a2200205Ia 4500
005 20250508153831.0
008 008 250505s9999 xx 000 0 eng d
037 _aTextual
040 _aFEDL
_beng
_cFEDL
041 _aeng
_2eng
084 _a371.2, SPA
_qFEDL
100 _aSpain Charles R
_993214
245 0 _aEducational leadership and the elementary school principal
260 _aNew York, USA
_bRinehart and Company Inc.
_c1956
300 _ax,371p
650 _aSchool Administration
700 _a Drummond Harold D Goodlad John I
_9764514
942 _cTEXL
_h371.2, SPA
999 _c1345827
_d1345827